[Event "Corus-B"]
[Site "Wijk aan Zee"]
[Date "2005.01.28"]
[Round "11"]
[White "Stefanova, Antoaneta"]
[Black "Nijboer, Friso"]
[Result "0-1"]
[WhiteElo "2491"]
[BlackElo "2549"]
[Annotator "Postny,E"]
[PlyCount "76"]
[EventDate "2005.01.15"]
[EventType "tourn"]
[EventRounds "13"]
[EventCountry "NED"]
[EventCategory "13"]
[SourceTitle "CBM 105"]
[Source "ChessBase"]
[SourceDate "2005.04.11"]
[SourceVersion "1"]
[SourceVersionDate "2005.04.11"]
[SourceQuality "1"]

1. d4 Nf6 2. Bg5 c5 3. d5 Ne4 4. Bf4 Qb6 5. Bc1 {According to theory, this is
the best move.} (5. Qc1 {The queen from c1 does not protect important d5
square.} e6 6. f3 Nf6 7. dxe6 fxe6 8. e4 d5 9. Nc3 Be7 10. Bxb8 Rxb8 11. Bb5+
Bd7 12. Bxd7+ Nxd7 13. exd5 exd5 14. Nge2 Nf6 $15 {1/2-1/2 Thorfinnsson,
B-Stefansson,H/Hafnarborg 2003/EXT 2004 (40)}) ({An interesting pawn sacrifice
is:} 5. Nd2 $5 Qxb2 6. Nxe4 Qb4+ 7. Qd2 Qxe4 8. e3 Qb4 9. c3 Qa5 10. d6 $44 {
1/2-1/2 Winants,L-Schebler,G/Belgium 2002/EXT 2004 (60)}) 5... e6 {This is the
most aggressive line from black's point of view. Other playable alternatives
are:} (5... e5 {0-1 Lima,D-Delgado,N/Osasco 2004/CBM 103 [Postny,E] (33)}) (
5... g6 6. f3 Nf6 (6... Nd6 7. e4 Bg7 8. Nc3 f5 {1/2-1/2 Adams,M-Gelfand,B/Cap
d'Agde 2003/CBM 98 [Finkel] (40)}) 7. e4 d6 8. c4 Bg7 9. Nc3 O-O 10. Bd3 e6 {
1/2-1/2 Radjabov,T-Grischuk,A/Bastia 2003/CBM 98 [Finkel] (40)}) 6. f3 Nf6 (
6... Qa5+ 7. c3 Nf6 8. e4 d6 {0-1 Vallejo Pons,F-Svidler,P/Leon 2004/CBM 102 
[Roiz] (19)}) 7. c4 {This position can also arise after the following order of
moves: 2...Ne4 3.Bf4 c5 4.f3 Qa5 5.c3 Nf6 6.d5 Qb6 7.Bc1 e6 8.c4 with an extra
move made by both sides!} exd5 ({Black can win a pawn, but white gets a good
compensation in this case:} 7... Qb4+ 8. Bd2 Qxb2 (8... Qxc4 9. e4 Qd4 10. Nc3
exd5 11. Nge2 Qe5 12. Bf4 Qe6 13. exd5 $36) 9. Nc3 Qb6 10. e4 $44) 8. cxd5 c4
$5 {This move is a pawn sacrifice, since the pawn on c4 is certainly doomed.
On the other hand, black hopes to take advantage of white's temporary lag in
development and few weak fields in white's camp.} ({After} 8... d6 9. Nc3 g6 {
black can get a Benoni type position, but the queen on b6 is not to the point
in this case.}) 9. e3 Bc5 {[%csl Re3]} 10. Kf2 O-O 11. Bxc4 Re8 12. Qd3 (12.
Qe2 Qd6 $2 (12... d6 $44) 13. Nc3 a6 14. a4 b5 15. axb5 axb5 16. Rxa8 bxc4 17.
Qxc4 Bb7 18. Ra5 Bb6 19. Rb5 $18 {1-0 Stefanova,A-Paramos Dominguez,R/Dos
Hermanas 2002/CBM 87 ext (24)}) (12. Qb3 Qd8 13. Ne2 d6 14. Nbc3 (14. Bb5 Nbd7
15. Nbc3 a6 16. Bxd7 Bxd7 17. Ng3 b5 18. a3 Rc8 19. Bd2 a5 20. Rhe1 a4 21. Qc2
h5 22. Nf1 g6 23. Kg1 Re5 24. Kh1 Nxd5 25. Qd3 Nb6 $15 {Chernin,A-Volokitin,A/
Warsaw 2002}) (14. Rd1 a6 15. a4 Nbd7 16. Nd4 Nb6 17. Nc3 Nxc4 18. Qxc4 b5 19.
Qd3 b4 20. Nc6 Qc7 21. Ne2 Nxd5 22. Qxd5 Be6 23. Qd3 Qxc6 $15 {Mamedyarov,
S-Sulskis,S/Batumi 2002}) 14... a6 15. a4 Nbd7 16. Ng3 Rb8 17. Bd2 b5 18. axb5
axb5 19. Be2 b4 20. Na4 Bb7 21. Nxc5 Bxd5 22. Qc2 Nxc5 23. Rhe1 Rc8 $36 {
0-1 Georgiev,K-Grischuk,A/Mainz 2004/CBM 101 ext (71)}) 12... d6 13. Nc3 Qa5 $1
$146 {Stefanova already played this position before, so it seems that this
novelty was prepared by Nijboer before the game.} (13... Nbd7 14. Na4 Qa5 (
14... Ne5 15. Nxb6 Nxd3+ 16. Bxd3 Bxb6 17. Bc4 Re5 18. Ne2 Nxd5 19. Bxd5 Rxd5
20. Nc3 Re5 21. Rd1 Bd7 22. Nd5 $14 {1-0 Dgebuadze,A-Stellwagen,D/Dieren 2001/
CBM 83 ext (41)}) 15. Nxc5 Nxc5 16. Qd1 b5 17. Be2 Bb7 18. Nh3 Nxd5 19. Re1 b4
20. Bc4 Nf6 21. Kg1 d5 22. Bf1 Ba6 $11 {1-0 Stefanova,A-Moreno Ruiz,J/Andorra
2001/CBM 83 ext (54)}) 14. Nge2 ({After} 14. Bd2 Nbd7 {white can not make use
of the vulnerable position of Qa5.} 15. Qf1) 14... Nbd7 {[%cal Gd7e5]} 15. Bb3
$6 ({Comes to consideration:} 15. Qd1 Ne5 $140 16. Bb5) 15... Ne5 16. Qc2 Neg4+
$3 {[%mdl 512] This sacrifice leaves strong impression and could not be
calculated till the end, but based mainly on intuition. Black gets a strong
initiative, and it's especially difficult to defend this position on practice.}
17. fxg4 Nxg4+ 18. Ke1 ({Black gets a strong attack also after:} 18. Kf1 Nxe3+
(18... Qd8 $6 19. Nd1 $1) 19. Bxe3 Rxe3 20. Bc4 Bg4 21. h3 Bxe2+ 22. Nxe2 (22.
Bxe2 Qb4 $1) 22... Rae8) 18... Nxe3 19. Bxe3 Rxe3 20. h3 {Preventing Bc8-g4.}
Bd7 21. Kd1 (21. Bc4 Rae8 22. Bd3 b5 $1 $40 {[%cal Gb5b4]}) 21... Rae8 22. Rf1
({The following variation was probably the least of the evils for white:} 22.
Bc4 b5 23. Bd3 b4 24. Ne4 b3 $1 25. Qd2 Qxd2+ 26. Kxd2 Rxd3+ 27. Kxd3 Bb5+ 28.
Kd2 Rxe4 29. Nc3 Rd4+ 30. Kc1 Bc4 31. axb3 Bxb3 $15) 22... b5 $1 23. Nc1 Qd8 $1
24. Nd3 Qh4 {Black's pieces are superbly coordinated, which can not be said
about the white ones. Black's attack is irresistible.} 25. Kc1 (25. Nxc5 $2
Re1+ 26. Kd2 Qg5+ {mating.}) 25... b4 26. Nd1 (26. Nxc5 bxc3 27. Nd3 Re2 28.
Qxc3 Rc8 $19) (26. Ba4 bxc3 27. Bxd7 cxb2+ 28. Nxb2 (28. Kxb2 Qd4+ $19) (28.
Qxb2 Qc4+ $19) 28... Re1+ 29. Rxe1 Rxe1+ 30. Nd1 Be3+ 31. Kb2 Qb4+ 32. Qb3 Re2+
33. Kb1 Qe4+ $19) 26... Re2 27. Qc4 R8e4 28. Qa6 Qg5+ 29. Kb1 Qxg2 30. Nxc5
dxc5 $1 {This is even stronger than 30...Qxf1.} (30... Qxf1 31. Nxe4 (31. Qxd6
Rd4 $19) 31... Rxb2+ 32. Kxb2 Qxa6 $19) 31. Qxa7 Qxf1 32. Qxd7 Re1 33. Qa4 Qd3+
34. Kc1 {[%tqu "En","Find the quickest way for a win.","","","e1d1",
"Destroying the last defense of white's king.",5]} Rxd1+ $1 {Destroying the
last defense of white's king.} 35. Bxd1 Rc4+ 36. Bc2 Qf1+ 37. Kd2 Rd4+ 38. Ke3
Qf4+ {[%mdl 128] and mate in two.} 0-1

[Event "FRA-chT Top 16 GpB"]
[Site "Vandoeuvre"]
[Date "2005.02.05"]
[Round "2"]
[White "Wirig, Anthony"]
[Black "Bauer, Christian"]
[Result "0-1"]
[WhiteElo "2396"]
[BlackElo "2636"]
[Annotator "Postny,E"]
[PlyCount "76"]
[EventDate "2005.02.04"]
[EventType "team"]
[EventRounds "7"]
[EventCountry "FRA"]
[SourceTitle "CBM 106"]
[Source "ChessBase"]
[SourceDate "2005.06.06"]
[SourceVersion "1"]
[SourceVersionDate "2005.06.06"]
[SourceQuality "1"]

1. d4 Nf6 2. Bg5 Ne4 3. Bf4 c5 4. f3 Qa5+ {Provoking the move c2-c3, which
will obstruct the development of white's queenside knight.} 5. c3 Nf6 6. Nd2 ({
The main alternative is} 6. d5 {gaining space in the centre.}) 6... cxd4 7. Nb3
Qf5 {This continuation is a risky one.} (7... Qd8 8. Bxb8 (8. cxd4 d5 9. e3 e6
10. Bd3 Nc6 11. Ne2 Nh5 12. O-O Nxf4 13. Nxf4 Bd6 $11 {0-1 Nguyen Ngoc Truong,
S-Belezky,S/Budapest 2004/CBM 98 ext (33)}) 8... Rxb8 9. Qxd4 a6 10. Qa7 Qc7
11. e4 e6 12. Bxa6 Bd6 13. Bb5 Bxh2 14. Ne2 b6 15. Qxc7 Bxc7 $15 {0-1
Miladinovic,I-Georgiev,K/Skopje 2002/CBM 88 (34)}) (7... Qb6 8. Qxd4 Nc6 9.
Qxb6 axb6 10. Nd4 e5 11. Nxc6 exf4 12. Nd4 {--> 1-0 McShane,L-Cvitan,O/
Mallorca 2004/CBM 104 [Postny,E] (68)}) 8. Bxb8 (8. Qxd4 $6 Nc6 9. Qd2 e5 10.
Bg3 d5 11. e3 Be7 12. Bd3 Qe6 $15 {0-1 Mamedjarova,Z-Cramling,P/Istanbul 2003/
CBM 094 ext (22)}) 8... Rxb8 9. Qxd4 {[%csl Ra7]} b6 10. e4 Qf4 {The only
reasonable move. The queen must retreat to c7.} 11. Nh3 Qc7 12. e5 Ng8 {
Black's position looks pretty dangerous, as he lost several tempoes with queen
and knight. On the other hand, white must act decisevely, otherwise, black's
pair of strong bishops will tell...} 13. f4 $6 {This move is actually a loss
of an important tempo.} (13. O-O-O e6 14. Ng5 (14. Bd3 Ne7 15. Be4 Nc6 16. Bxc6
Qxc6 17. Ng5 Be7 18. Ne4 Bb7 19. Rhe1 Rd8 20. Qe3 O-O 21. Nd6 Ba8 22. Kb1 f6
23. Re2 fxe5 24. Qxe5 Rf6 25. Red2 Rg6 26. Qe2 Qc7 27. h3 Bxd6 28. Rxd6 Bd5 29.
Qe5 {1/2-1/2 Moiseenko,A-Svidler,P/Ekaterinburg 2002/CBM 090 (29)}) (14. f4 f5
15. Be2 Nh6 16. Rhg1 Be7 17. g4 {1/2-1/2 Salov,V-Nunn,J/Amsterdam 1995/CBM 049
[Salov] (42)}) 14... Ne7 15. Bb5 Ng6 16. f4 Bc5 17. Qd2 O-O 18. Bd3 f6 19. h4
fxg5 20. hxg5 Kf7 21. Rxh7 Ne7 22. Qe2 $40 {1-0 Galyas,M-Ilincic,Z/Torokbalint
2004/EXT 2005 (39)}) (13. Ng5 e6 14. Ne4 Qc6 15. O-O-O Be7 16. Qf2 a6 17. Nd6+
Bxd6 18. Rxd6 Qc7 19. Qg3 g6 20. Nd2 Bb7 21. Bd3 $16 {1-0 Torre,E-Paragua,M/
Makati 2002/CBM 088 ext (41)}) 13... e6 14. Ng5 Ne7 15. Bd3 $146 (15. O-O-O Nc6
16. Qd2 f6 17. exf6 gxf6 18. Ne4 f5 19. Nf6+ Kf7 20. Nh5 Rg8 21. Nd4 Nxd4 22.
Qxd4 Be7 $15 {0-1 Toth,C-Lima,D/Rio de Janeiro 2004/CBM 099 ext (35)}) 15... h6
16. Ne4 Nf5 17. Qf2 (17. Qa4 $6 b5 18. Bxb5 $140 $2 (18. Qa5 $8) 18... Qb6 $40)
17... d5 18. exd6 $2 {Opening the position in black's favour.} (18. Ng3 $11)
18... Nxd6 {Black solved all the opening problems, and has preferable
prospects thanks to pair of strong bishops.} 19. O-O-O Nxe4 20. Bxe4 Bd6 21. g3
O-O 22. Kb1 b5 {Starting an assault against the white king.} 23. Qe2 Be7 $1 {
Transfering the bishop to f6, where it will put pressure on white's king
residence.} 24. Bc2 b4 25. cxb4 $2 {Opening the "b" file certainly can not be
recommended for white.} ({Necessary was} 25. c4 {keeping the "b" file closed.})
25... Rxb4 26. h4 $6 {Another move, which I fail to understand...} (26. Rd4 $5
{Trying to exchange black's active rook.} Rxd4 27. Nxd4 Bf6 28. Nb3 {Of course,
black is much better, but white can still resist...}) 26... Qb6 27. Qd3 f5 28.
Rhe1 Bf6 29. Qd6 a5 30. Qxb6 Rxb6 $19 {The exchange of queens did not make
white any better. The following doubling of the rooks along the "b" file will
decide the game.} 31. a3 Ba6 32. Nd4 Bc4 33. Rd2 Rfb8 {White is defenceless.}
34. Kc1 Rxb2 35. Nc6 R8b6 36. Ne5 Ra2 {[%cal Ga2a1]} 37. Rd4 Bd5 38. Re3 Bxe5 (
38... Bxe5 39. Rxe5 Rc6 40. Rd2 Be4 $19) 0-1

[Event "CZE-ch"]
[Site "Karlovy Vary"]
[Date "2005.02.08"]
[Round "8"]
[White "Haba, Petr"]
[Black "Navara, David"]
[Result "0-1"]
[WhiteElo "2525"]
[BlackElo "2644"]
[Annotator "Postny,E"]
[PlyCount "112"]
[EventDate "2005.02.01"]
[EventType "tourn"]
[EventRounds "11"]
[EventCountry "CZE"]
[EventCategory "11"]
[SourceTitle "CBM 106"]
[Source "ChessBase"]
[SourceDate "2005.06.06"]
[SourceVersion "1"]
[SourceVersionDate "2005.06.06"]
[SourceQuality "1"]

1. d4 Nf6 2. c3 {Of course, this is not the way to fight for an opening
advantage. However, the opening setup adopted by white in this game is
extremely solid.} d6 3. Bg5 Nbd7 4. Nd2 e5 5. e3 Be7 6. dxe5 {GM Haba decided
to release the pressure in the centre. It was possible to continue the
development with Bf1-d3 and Ng1-e2.} (6. Bd3 b6 7. Ne2 Bb7 8. O-O O-O 9. Ng3
Re8 10. Qb3 $6 d5 11. Nf5 Bf8 12. f4 e4 13. Be2 h6 14. Bh4 g6 15. Ng3 c5 $15 {
1/2-1/2 Zurek,M-Navara,D/Czechia 2001/EXT 2003 (81)}) 6... dxe5 7. Bc4 Nb6 $146
(7... O-O 8. Ne2 c6 9. Ng3 Nc5 10. Bxf6 Bxf6 11. Nde4 Nxe4 12. Nxe4 Be7 13. Qh5
Qc7 14. h4 b5 15. Bb3 a5 16. g4 h6 17. Ng5 a4 18. Bxf7+ Kh8 19. Bg6 a3 20. b3
c5 21. Be4 Ra6 22. Nf7+ Kg8 23. Bd5 Kh7 24. Be4+ Kg8 25. Bd5 Kh7 26. Be4+ {
1/2-1/2 Zurek,M-Hracek,Z/Czechia 1993/TD (26)}) 8. Bxf6 $6 {I don't see any
reason to exchange this bishop so early. More logical is the immediate 8.Bb3
with equality.} Bxf6 9. Bb3 Qd3 $5 {An original way to transfer the queen to
the kingside.} 10. Qf3 (10. Bc2 Qb5 $15) 10... Qg6 11. Ne2 Rb8 $1 {Protecting
Pb7 and preparing the development of the light-squared bishop.} 12. h3 (12. O-O
$4 Bg4 $19 {[%cal Rg4e2]}) 12... Bd7 {[%cal Gd7c6]} 13. Ne4 $6 (13. Qg3 {
would have been safer.}) 13... Bh4 $1 $15 {Covering g3 square against the
white knight.} 14. g3 Bc6 15. Bc2 Be7 {[%cal Gf7f5]} 16. g4 {The only way to
prevent f7-f5.} Bh4 (16... Rd8 $15) 17. b3 O-O 18. Qf5 {White is practically
forced to exchange queens, since his king feels uncomfortable in the centre.}
Qxf5 19. gxf5 Nd5 20. O-O g6 {Clearly indicating that white's blockade on the
white squares is pretty shaky.} 21. c4 $6 {Very risky.} (21. Nd2 gxf5 22. Bxf5
Ne7 $15) 21... Nb4 22. Bb1 gxf5 23. N4g3 {White is trying to create a blockade.
} f4 24. Nf5 Bf6 25. a3 Bf3 $1 ({Black achieves nothing after} 25... e4 $6 26.
Nfd4) 26. Nc3 (26. axb4 Bxe2 27. Re1 Bf3 28. exf4 (28. Rxa7 Kh8 29. Kf1 Rg8 30.
exf4 Bg2+ 31. Ke2 exf4 $19) 28... exf4 29. Rxa7 Kh8 30. Kh2 Rg8 31. Rg1 Rxg1
32. Kxg1 Rg8+ 33. Kf1 Re8 $19 {The threat 34...Bc3 followed by 35...Re1 can
not parried in a satisfactory way.}) 26... e4 27. Nd4 Nc6 $6 (27... Nd3 $1 28.
Bxd3 (28. Nd5 Bxd4 29. exd4 Kh8 $19 {[%csl Rg1][%cal Rf8g8]}) 28... exd3 29.
Nxf3 Bxc3 30. Rad1 Rbd8 {and black's position is nearly winning.}) 28. Bxe4
Nxd4 $6 {Not the best choice.} (28... Bxd4 29. exd4 Nxd4 30. Bxf3 Nxf3+ 31. Kh1
Nd2 32. Rg1+ Kh8 $17 {[%csl Rb3]}) 29. exd4 Bh5 30. Nd5 Bxd4 31. Rae1 {It's
clear now that black spoiled his advantage.} f5 32. Nxf4 $2 (32. Bxf5 $1 c6 33.
Ne7+ Kh8 34. Bg4 $11) 32... fxe4 33. Nxh5 Rbe8 {Now black is on top again. The
following penetration to f3 is very unpleasant for white.} 34. Ng3 Rf3 35. Nxe4
{[%csl Re8][%cal Ge4f6]} Re6 36. Kg2 (36. Nd2 Rxf2 $1 (36... Bxf2+ $143 37. Kg2
Bxe1 38. Nxf3) 37. Rxe6 Re2+ 38. Kh1 Rxe6 {and the endgame is difficult for
white, though it was probably the least of the evils for white.}) 36... Rxb3
37. Ng3 Rxe1 38. Rxe1 Kf7 {Black has decisive advantage in this endgame.
White's queenside pawns will fall one after another, as well as the tandem
rook + bishop is stronger than rook + knight.} 39. Re4 Bc5 40. Rh4 Kg8 41. Rg4+
Kf8 $1 {The Ph7 won't be captured with check.} 42. Rh4 Bxa3 43. Rxh7 Bd6 44.
Ne4 a5 {[%csl Ga5] This passed pawn decides the game.} 45. c5 Be5 46. Rh5 Bb2
47. c6 b6 48. Ng5 Ke7 49. Rh7+ Kd6 50. Rh6+ Kd5 51. f4 (51. Ne6 Be5 $19) 51...
a4 52. Ne6 {The last chance, but insufficient.} Kxc6 53. Nd4+ Kb7 54. Nxb3 axb3
{White won the exchange, but won't be able to stop black's passed pawns,
supported by the bishop.} 55. Rg6 c5 56. Kf3 Bc1 $1 {[%csl Gb3]} 0-1

[Event "Drammen Smartfish Masters"]
[Site "Drammen"]
[Date "2005.01.04"]
[Round "8"]
[White "Stefanova, Antoaneta"]
[Black "Shirov, Alexei"]
[Result "0-1"]
[WhiteElo "2523"]
[BlackElo "2726"]
[Annotator "Postny,E"]
[PlyCount "78"]
[EventDate "2004.12.27"]
[EventType "tourn"]
[EventRounds "9"]
[EventCountry "NOR"]
[EventCategory "14"]
[SourceTitle "CBM 105"]
[Source "ChessBase"]
[SourceDate "2005.04.11"]
[SourceVersion "1"]
[SourceVersionDate "2005.04.11"]
[SourceQuality "1"]

1. d4 Nf6 2. Bg5 Ne4 3. Bf4 c5 4. d5 e6 ({More popular continuation is} 4...
Qb6 {[%csl Rb2] with an attempt to force a concession in white's camp.}) 5. f3
({Giving the control over the centre should not be recommended for white:} 5.
dxe6 fxe6 6. e3 Qf6 7. c3 Bd6 (7... d5 $5 8. Nf3 Nc6) 8. Nd2 Nxd2 9. Bxd6 Nxf1
10. Kxf1 b6 11. Nf3 Bb7 12. h4 Nc6 13. Rh3 $14 {1-0 Adams,M-Adorjan,A/Manila
1992/TD (35)}) 5... Nf6 (5... Bd6 6. Bxd6 Nxd6 7. Qd2 O-O 8. e4 b5 (8... exd5
9. Qxd5 Qb6 10. Qb3 Qa5+ 11. Nc3 Nc6 12. O-O-O Nd4 13. Qd5 Qc7 14. Nge2 $16 {
1-0 Stefanova,A-Van Elst,A/Montpellier 2000/EXT 2001 (88)}) 9. Nc3 Qb6 10. b3
e5 11. Nh3 Na6 12. Rb1 Rb8 13. Be2 b4 14. Na4 Qc7 15. Nb2 f5 $15 {0-1 Cornette,
M-Hamdouchi,H/Nice 2003/CBM 97 ext (57)}) ({Risky, but deserves further
investigation is:} 5... Qf6 6. Bxb8 Qxb2 7. fxe4 Qxa1 8. Bf4 Qxa2 9. Bd2 b5 10.
c4 b4 11. e3 a5 12. Bd3 a4 13. Nf3 Ba6 14. O-O Bxc4 15. Bxc4 Qxc4 16. Ne5 Qxe4
17. Nxf7 Rg8 18. dxe6 Qxe6 19. Qf3 Ra7 20. Ng5 Qc4 21. Rc1 Qb3 22. Bxb4 h6 23.
Nd2 Qa2 24. Qe4+ Kd8 25. Qf4 cxb4 26. Qb8+ Ke7 27. Qe5+ {1/2-1/2 Piket,J-Comp
Gideon 2/The Hague 1994/EXT 99 (27)}) (5... Qa5+ 6. c3 Nf6 {appeared few times
in practice as well.}) 6. e4 {White has two alternative ways to defend the Pd5.
} (6. c4 Nh5 7. Be3 d6 8. Nc3 e5 9. Bf2 Be7 10. e4 O-O 11. Nge2 g6 12. g4 Ng7
13. h4 Na6 14. Qd2 $14 {1-0 Golod,V-Adamson,R/Las Vegas USA 2004/The Week in
Chess 503 (68)}) (6. Nc3 Nh5 (6... d6 7. e4 a6 8. Qd2 exd5 9. Nxd5 Nxd5 10.
Qxd5 Qf6 11. Bc1 Nc6 12. c3 Be6 13. Qg5 Qxg5 14. Bxg5 f6 15. Be3 d5 $11 {
1/2-1/2 Maksimovic,B-Pavlovic,M/Belgrade 1999/EXT 2000 (55)}) 7. Be3 d6 8. Qd2
Be7 9. Bf2 O-O 10. e3 Nf6 11. Bc4 Na6 12. Nge2 Nc7 13. e4 exd5 14. exd5 a6 15.
a4 b6 16. Nf4 Bd7 $132 {[%cal Gb6b5] 1/2-1/2 Piket,J-Shaked,T/Merrillville
1997/CBM 62 (37)}) 6... exd5 7. exd5 d6 {White has obvious space advantage,
but the pawn on f3 obstructs his development.} 8. Nc3 (8. Bb5+ Nbd7 9. a4 a6
10. Be2 Nh5 11. Be3 g6 12. Nh3 Bg7 13. Nc3 O-O 14. g4 Re8 15. Qd2 Nhf6 $15 {
0-1 Granovski,A-Maksimenko,A/Moscow 1991/TD (30)}) (8. c4 Be7 9. Ne2 O-O 10.
Ng3 Re8 11. Be2 Nbd7 12. Nc3 Bf8 13. O-O Ne5 14. Qc2 Bd7 15. Rfe1 a6 16. a4 h6
17. Bd2 $14 {1-0 Bredl,H-Lechtynsky,J/Bayern 2002/EXT 2003 (56)}) 8... Be7 9.
Qd2 a6 $146 {[%cal Gb7b5]} (9... O-O 10. O-O-O a6 11. Nge2 b5 12. Ng3 c4 13.
Be2 Nbd7 14. Nf5 Nc5 15. Nxe7+ Qxe7 16. Rhe1 Qc7 17. Bg5 Nfd7 18. Be7 Re8 19.
Bxc4 Bb7 20. Bb3 f6 21. Re6 Nxe6 22. dxe6 Nc5 23. Bxd6 Nxb3+ 24. axb3 Qc8 25.
e7 $16 {1-0 Savchenko,S-Golubev,M/Luzern 1994/EXT 99 (42)}) 10. a4 O-O 11. Nge2
Re8 12. g4 {White wants to grab as more space as possible.} Qa5 $1 {Black is
intending to carry out b7-b5 advance gaining space on the queenside.} 13. Ng3 (
13. Ra3 {prevents b7-b5, but wastes an important tempo. After} Nbd7 14. Ng3 Nb6
$1 {[%csl Rd5] white is losing Pd5.}) 13... b5 14. g5 b4 15. Nce2 $1 {The side
that has space advantage should avoid exchanges, so the move in the text is
correct.} (15. Nce4 $6 Nxe4 16. Nxe4 Bf5 $15) 15... Nfd7 16. Ne4 {[%csl Rd6]}
Qc7 17. a5 {Preventing from black the manouevre Nd7-b6 as well as a6-a5
followed by Bc8-a6.} Bf8 18. N2g3 Ne5 {[%csl Rf3]} 19. Kf2 Nbd7 20. h4 f5 $1 {
Black must act decisively, otherwise his position will be simply cramped.} 21.
gxf6 ({I think that white could go for:} 21. Nxf5 Nxf3 $1 22. Nh6+ $1 (22. Kxf3
Ne5+ 23. Bxe5 Bxf5 {[%csl Re4,Re5]} 24. Ng3 Rxe5 25. Nxf5 Rxf5+ 26. Kg2 Qf7 $17
) 22... gxh6 23. Kxf3 Ne5+ 24. Kg2 {with a sharp position, but white should
not be worse.}) 21... Nxf6 22. Nxf6+ gxf6 23. Bh6 $6 {It's illogical to
exchange black's passive bishop.} (23. h5 $1 $13 {preventing Ne5-g6.}) 23...
Kh8 24. h5 Qf7 25. Bxf8 Qxf8 26. Bh3 $6 {This exchange favours black as well.}
({Possible was} 26. Qf4 $15) 26... Bxh3 27. Rxh3 f5 {Black has now nearly
winning advantage due to numerous factors, namely: strong Ne5 compared to his
counterpart, vulnerable position of white's king and Pd5 weakness.} 28. Qg5 (
28. Rh4 Qf6 29. Rf4 Qg5 30. Rd4 f4 $1 31. Qxf4 Qd8 32. Re4 Rf8 $19) 28... h6 $1
29. Qf4 (29. Qxf5 Qg7 {[%csl Rf2,Rf3][%cal Ge8f8,Gf8f2]} 30. Ne4 Rf8 31. Qe6
Rae8 32. Qxd6 Nc4 $19) {[%tqu "En","Find the best move for Black.","","",
"e5g4","With help of small tactical trick Shirov transfers his knight to e3,
which decides the game quickly.",10]} 29... Ng4+ $1 {With help of small
tactical trick Shirov transfers his knight to e3, which decides the game
quickly.} 30. Kg1 (30. fxg4 fxg4 $19 {[%csl Rf4,Rh3]}) 30... Ne3 {[%csl Rc2,
Rd5]} 31. Rh2 Qg7 32. Rd2 Re5 33. Kh2 Nxd5 {Black won a pawn and his attack is
irresistible.} 34. Qh4 f4 35. Ne4 Rg8 36. Kh1 Ne3 37. Nxd6 Rd5 38. Qh2 Rxd2 39.
Qxd2 Qd7 {[%cal Rd7h3]} 0-1